Gaming Quiz

Random Gaming or Video Games Quiz

Video Game Load Screens Quiz Stats

 Plays Quiz Updated May 16, 2013

Challenge
Share
Tweet
Score 0/16 Timer 06:00
2 Plays Today
% Correct
Half-Life
80.2%
Red Dead Redemption
78.2%
Call of Duty: Modern Warfare 3
76.9%
Rock Band
70.5%
Elder Scrolls V: Skyrim
66.6%
Sonic the Hedgehog
58.4%
Civilization V
56.5%
Little Big Planet
56.4%
% Correct
Mass Effect
50.4%
Left 4 Dead 2
49.4%
Mirror's Edge
44.1%
BioShock
33.8%
Okami
28.6%
SSX Tricky
23.5%
Star Wars: Battlefront
19%
Psychonauts
7%

You're not logged in!

Compare scores with friends on all Sporcle quizzes.
OR
Log In

You Might Also Like...

Show Comments

Extras

Top Quizzes Today


Score Distribution

Your Account Isn't Verified!

In order to create a playlist on Sporcle, you need to verify the email address you used during registration. Go to your Sporcle Settings to finish the process.

Report this User

Report this user for behavior that violates our Community Guidelines.

Details: